M. Si vous vous appelez... vous portez le prénom le plus donné en... - Statistiques

Statistiques générales
  • Ce quiz a été pris 54 fois
  • Le résultat moyen est 4 sur 15
Statistiques - réponses
Hint Réponse % Correct
Jean De 1900 à 1957
58%
Philippe De 1958 à 1964 et 1966
43%
Lucas 2002.2003 2008 2009 2011 à 2014
38%
Christophe De 1967 à 1970 et en 1972-1973
33%
Thomas De 1996 à 2001
30%
Nicolas De 1980 à 1982 et 1995
25%
Kevin De 1989 à 1994
25%
Enzo De 2004 à 2007
25%
Gabriel De 2015 à 2019 et 2021
25%
Léo 2020
23%
Sébastien De 1975 à 1979
18%
Nathan En 2010
18%
Julien De 1983 à 1988
15%
Thierry En 1965
13%
Stéphane En 1971 et 1974
5%
Aucun quiz correspondant
Distribution des résultats
% des personnes avec chaque résultat
Percentile par nombre de réponses
Votre historique - résultats
Vous n’avez pas pris ce quiz